mysqli: Table './ulib62015/stat_globaluid' is marked as crashed and should be repaired
select id from stat_globaluid where statuid='20260517200057_1805'
mysqli: Table './ulib62015/stat_globaluid' is marked as crashed and should be repaired
DELETE FROM stat_globaluid
WHERE id NOT IN (
SELECT id
FROM (
SELECT id
FROM stat_globaluid
ORDER BY id DESC
LIMIT 100
) foo
);
mysqli: Table './ulib62015/stat_globaluid' is marked as crashed and should be repaired
insert into stat_globaluid set
statuid='20260517200057_1805',
dt='1779022857',
phpself='/ULIB62015/dublinfull.php',
agent='Mozilla/5.0 AppleWebKit/537.36 (KHTML, like Gecko; compatible; ClaudeBot/1.0; +claudebot@anthropic.com)',
yea='2026',
mon='5',
dat='17',
ip='216.73.216.45'
mysqli: Table './ulib62015/stathist_viewbib_bib_type' is marked as crashed and should be repaired
insert into stathist_viewbib_bib_type set
dat='17' ,
mon='05' ,
yea='2026' ,
statuid='20260517200057_1805' ,
head='13399122801' ,
foot='marc' ,
dt='1779022857'
| LEADER : 00000nam 2200000uu 4500 |
| 001 13399122801 |
| 003 ULIB |
| 008 200821s2563||||th 000 0 tha d |
| 050 04 ^aTX724.5.T5^bส838อ 2563
|
| 100 0 ^aสุภาภรณ์ ปิติพร
|
| 245 10 ^aอาหารสมุนไพรเสริมภูมิคุ้มกันในภาวะที่มีการระบาดของโควิด-19 /^c[คณะผู้จัดทำ]สุภาภรณ์ ปิติพร, ผกากรอง ขวัญข้าว, อาสาฬา เชาวน์เจริญ, ณัชชา เต็งเติมวงศ์, เบญจวรรณ หมายมั่น, จันทิมา สุวรรณ, ฐานิตา บุญเชิด
|
| 246 30 ^aอาหารสมุนไพรเสริมภูมิคุ้มกัน
|
| 260 ^aกรุงเทพฯ :^bอมรินทร์พริ้นติ้งแอนด์พับลิชชิ่ง,^c2563.
|
| 300 ^aไม่ระบุเลขหน้า :^bภาพประกอบ ;^c21 ซม.
|
| 650 4 ^aอาหารสมุนไพร
|
| 700 0 ^aผกากรอง ขวัญข้าว,^eผู้จัดทำ
|
| 700 0 ^aอาสาฬา เชาวน์เจริญ,^eผู้จัดทำ
|
| 700 0 ^aณัชชา เต็งเติมวงศ์,^eผู้จัดทำ
|
| 700 0 ^aบญจวรรณ หมายมั่น,^eผู้จัดทำ
|
| 700 0 ^aจันทิมา สุวรรณ,^eผู้จัดทำ
|
| 700 0 ^aฐานิตา บุญเชิด,^eผู้จัดทำ
|
| 945 ^p0^l0^i028134 |
| 999 ^a57066
|
| คุณยังไม่ได้ล็อกอิน คุณสามารถมีกิจกรรมร่วมกับเว็บไซต์ได้ แต่ต้องล็อกอินก่อน :: |
|
|
|
| ลำดับที่ |
ประเภท |
เลขเรียก/บาร์โค้ด |
สถานที่ |
สถานะ |
| 1. |
 หนังสือ | TX724.5.T5 ส838อ 2563 Barcode: 028134 | หนังสือทั่วไป | บนชั้น ขอยืม |
| Note:บริจาค 63 |
รายการใกล้เคียง
ผู้แต่ง [สุภาภรณ์ ปิติพร]
หัวเรื่อง [อาหารสมุนไพร]
|
|
ยังไม่เคยถูกคอมเมนท์
|
| คอมเมนท์ทรัพยากรรายการนี้ |
|